<?xml version="1.0" encoding="UTF-8"?>
<record
    xmlns:xsi="http://www.w3.org/2001/XMLSchema-instance"
    xsi:schemaLocation="http://www.loc.gov/MARC21/slim http://www.loc.gov/standards/marcxml/schema/MARC21slim.xsd"
    xmlns="http://www.loc.gov/MARC21/slim">

  <leader>02000cam a2200325 a 4500</leader>
  <controlfield tag="005">20251121070814.0</controlfield>
  <datafield tag="020" ind1=" " ind2=" ">
    <subfield code="a">9987617204</subfield>
    <subfield code="c">TZS 10000/=</subfield>
  </datafield>
  <datafield tag="040" ind1=" " ind2=" ">
    <subfield code="a">MCCL</subfield>
    <subfield code="b">eng.</subfield>
  </datafield>
  <datafield tag="082" ind1="0" ind2="0">
    <subfield code="a">345.04 MAS</subfield>
  </datafield>
  <datafield tag="100" ind1="1" ind2=" ">
    <subfield code="a">Massawe, A. A. F.</subfield>
  </datafield>
  <datafield tag="245" ind1="1" ind2="4">
    <subfield code="a">The burden of proof :</subfield>
    <subfield code="b">how to defend yourself in criminal cases /</subfield>
    <subfield code="c">A.A.F. Massawe.</subfield>
  </datafield>
  <datafield tag="260" ind1=" " ind2=" ">
    <subfield code="a">Mzumbe [Tanzania] :</subfield>
    <subfield code="b">Research and Publications Dept., Mzumbe University,</subfield>
    <subfield code="c">c2000.</subfield>
  </datafield>
  <datafield tag="300" ind1=" " ind2=" ">
    <subfield code="a">190 p. ;</subfield>
    <subfield code="c">21 cm.</subfield>
  </datafield>
  <datafield tag="520" ind1=" " ind2=" ">
    <subfield code="a">The book covers three interrelated areas of law which a person would require to grasp when entering an appearance before the court of law. The areas at hand are criminal law principles, evidence and legal skills. 
First, the book addresses areas of criminal law upon which liability in criminal matters is fundamentally determined. In this vein, defences (general and specific) are also covered. Second, hand in hand with criminal law principles are rules of evidence, which have been given a concise but thorough treatment.
Finally, the author provides techniques for handling prosecution matters. He illustrates methods or trial tactics (chapter 14) which may be adapted to any kind of case, and this aspect amplifies the importance of this book to learners of law. The skills are explained by analysis and illustrated by examples. The reader will find that in this way rules of self-defence become clear and that way potentially serious mistakes can be avoided.</subfield>
  </datafield>
  <datafield tag="546" ind1=" " ind2=" ">
    <subfield code="a">eng.</subfield>
  </datafield>
  <datafield tag="650" ind1=" " ind2="0">
    <subfield code="a">Defense (Criminal procedure)</subfield>
    <subfield code="z">Tanzania.</subfield>
  </datafield>
  <datafield tag="650" ind1=" " ind2="0">
    <subfield code="a">Criminal law</subfield>
  </datafield>
  <datafield tag="650" ind1=" " ind2="0">
    <subfield code="a">Circumstantial evidence</subfield>
  </datafield>
  <datafield tag="650" ind1=" " ind2="0">
    <subfield code="a">liability in criminal matters</subfield>
  </datafield>
  <datafield tag="650" ind1=" " ind2="0">
    <subfield code="a">Law of evidence</subfield>
  </datafield>
  <datafield tag="650" ind1=" " ind2="0">
    <subfield code="a">Claim of rights</subfield>
  </datafield>
  <datafield tag="650" ind1=" " ind2="0">
    <subfield code="a">Legal confession</subfield>
  </datafield>
  <datafield tag="650" ind1=" " ind2="0">
    <subfield code="a">Circumnstantial evidence-Tanzania</subfield>
  </datafield>
  <datafield tag="650" ind1=" " ind2="0">
    <subfield code="a">Circumstantial evidence-cases</subfield>
  </datafield>
  <datafield tag="650" ind1=" " ind2="0">
    <subfield code="a">corroboration of evidence</subfield>
  </datafield>
  <datafield tag="650" ind1=" " ind2="0">
    <subfield code="a">Judical notices</subfield>
  </datafield>
  <datafield tag="650" ind1=" " ind2="0">
    <subfield code="a">Criminal cases</subfield>
  </datafield>
  <datafield tag="856" ind1=" " ind2=" ">
    <subfield code="u">https://scholar.mzumbe.ac.tz/handle/123456789/1891</subfield>
  </datafield>
  <datafield tag="942" ind1=" " ind2=" ">
    <subfield code="c">BK</subfield>
  </datafield>
  <datafield tag="999" ind1=" " ind2=" ">
    <subfield code="c">11333</subfield>
    <subfield code="d">11333</subfield>
  </datafield>
  <datafield tag="952" ind1=" " ind2=" ">
    <subfield code="0">0</subfield>
    <subfield code="1">0</subfield>
    <subfield code="4">0</subfield>
    <subfield code="7">0</subfield>
    <subfield code="a">MU002</subfield>
    <subfield code="b">MU002</subfield>
    <subfield code="d">2017-07-01</subfield>
    <subfield code="l">0</subfield>
    <subfield code="o">345.04 MAS</subfield>
    <subfield code="p">001891</subfield>
    <subfield code="r">2025-09-29 07:34:09</subfield>
    <subfield code="t">1</subfield>
    <subfield code="w">2025-09-29</subfield>
    <subfield code="y">BK</subfield>
  </datafield>
  <datafield tag="952" ind1=" " ind2=" ">
    <subfield code="0">0</subfield>
    <subfield code="1">0</subfield>
    <subfield code="4">0</subfield>
    <subfield code="7">0</subfield>
    <subfield code="a">MU002</subfield>
    <subfield code="b">MU002</subfield>
    <subfield code="d">2017-07-01</subfield>
    <subfield code="l">0</subfield>
    <subfield code="o">345.04 MAS</subfield>
    <subfield code="p">001892</subfield>
    <subfield code="r">2025-09-29 07:34:09</subfield>
    <subfield code="t">2</subfield>
    <subfield code="w">2025-09-29</subfield>
    <subfield code="y">BK</subfield>
  </datafield>
  <datafield tag="952" ind1=" " ind2=" ">
    <subfield code="0">0</subfield>
    <subfield code="1">0</subfield>
    <subfield code="4">0</subfield>
    <subfield code="7">0</subfield>
    <subfield code="a">MU002</subfield>
    <subfield code="b">MU002</subfield>
    <subfield code="d">2017-07-01</subfield>
    <subfield code="l">0</subfield>
    <subfield code="o">345.04 MAS</subfield>
    <subfield code="p">001893</subfield>
    <subfield code="r">2025-09-29 07:34:09</subfield>
    <subfield code="t">3</subfield>
    <subfield code="w">2025-09-29</subfield>
    <subfield code="y">BK</subfield>
  </datafield>
  <datafield tag="952" ind1=" " ind2=" ">
    <subfield code="0">0</subfield>
    <subfield code="1">0</subfield>
    <subfield code="4">0</subfield>
    <subfield code="7">0</subfield>
    <subfield code="a">MU002</subfield>
    <subfield code="b">MU002</subfield>
    <subfield code="d">2017-07-01</subfield>
    <subfield code="l">0</subfield>
    <subfield code="o">345.04 MAS</subfield>
    <subfield code="p">001894</subfield>
    <subfield code="r">2025-09-29 07:34:09</subfield>
    <subfield code="t">4</subfield>
    <subfield code="w">2025-09-29</subfield>
    <subfield code="y">BK</subfield>
  </datafield>
  <datafield tag="952" ind1=" " ind2=" ">
    <subfield code="0">0</subfield>
    <subfield code="1">0</subfield>
    <subfield code="4">0</subfield>
    <subfield code="7">0</subfield>
    <subfield code="a">MU002</subfield>
    <subfield code="b">MU002</subfield>
    <subfield code="d">2017-07-01</subfield>
    <subfield code="l">0</subfield>
    <subfield code="o">345.04 MAS</subfield>
    <subfield code="p">001895</subfield>
    <subfield code="r">2025-09-29 07:34:09</subfield>
    <subfield code="t">5</subfield>
    <subfield code="w">2025-09-29</subfield>
    <subfield code="y">BK</subfield>
  </datafield>
  <datafield tag="952" ind1=" " ind2=" ">
    <subfield code="0">0</subfield>
    <subfield code="1">0</subfield>
    <subfield code="4">0</subfield>
    <subfield code="7">0</subfield>
    <subfield code="a">MU002</subfield>
    <subfield code="b">MU002</subfield>
    <subfield code="d">2017-07-01</subfield>
    <subfield code="l">0</subfield>
    <subfield code="o">345.04 MAS</subfield>
    <subfield code="p">001896</subfield>
    <subfield code="r">2025-09-29 07:34:09</subfield>
    <subfield code="t">6</subfield>
    <subfield code="w">2025-09-29</subfield>
    <subfield code="y">BK</subfield>
  </datafield>
  <datafield tag="952" ind1=" " ind2=" ">
    <subfield code="0">0</subfield>
    <subfield code="1">0</subfield>
    <subfield code="4">0</subfield>
    <subfield code="7">0</subfield>
    <subfield code="a">MU002</subfield>
    <subfield code="b">MU002</subfield>
    <subfield code="d">2017-07-01</subfield>
    <subfield code="l">0</subfield>
    <subfield code="o">345.04 MAS</subfield>
    <subfield code="p">001897</subfield>
    <subfield code="r">2025-09-29 07:34:09</subfield>
    <subfield code="t">7</subfield>
    <subfield code="w">2025-09-29</subfield>
    <subfield code="y">BK</subfield>
  </datafield>
  <datafield tag="952" ind1=" " ind2=" ">
    <subfield code="0">0</subfield>
    <subfield code="1">0</subfield>
    <subfield code="4">0</subfield>
    <subfield code="7">0</subfield>
    <subfield code="a">MU002</subfield>
    <subfield code="b">MU002</subfield>
    <subfield code="d">2017-07-01</subfield>
    <subfield code="l">0</subfield>
    <subfield code="o">345.04 MAS</subfield>
    <subfield code="p">001898</subfield>
    <subfield code="r">2025-09-29 07:34:09</subfield>
    <subfield code="t">8</subfield>
    <subfield code="w">2025-09-29</subfield>
    <subfield code="y">BK</subfield>
  </datafield>
  <datafield tag="952" ind1=" " ind2=" ">
    <subfield code="0">0</subfield>
    <subfield code="1">0</subfield>
    <subfield code="4">0</subfield>
    <subfield code="7">0</subfield>
    <subfield code="a">MU002</subfield>
    <subfield code="b">MU002</subfield>
    <subfield code="d">2017-07-01</subfield>
    <subfield code="l">0</subfield>
    <subfield code="o">345.04 MAS</subfield>
    <subfield code="p">001899</subfield>
    <subfield code="r">2025-09-29 07:34:09</subfield>
    <subfield code="t">9</subfield>
    <subfield code="w">2025-09-29</subfield>
    <subfield code="y">BK</subfield>
  </datafield>
  <datafield tag="952" ind1=" " ind2=" ">
    <subfield code="0">0</subfield>
    <subfield code="1">0</subfield>
    <subfield code="4">0</subfield>
    <subfield code="7">0</subfield>
    <subfield code="a">MU002</subfield>
    <subfield code="b">MU002</subfield>
    <subfield code="d">2017-07-01</subfield>
    <subfield code="l">0</subfield>
    <subfield code="o">345.04 MAS</subfield>
    <subfield code="p">001900</subfield>
    <subfield code="r">2025-09-29 07:34:09</subfield>
    <subfield code="t">10</subfield>
    <subfield code="w">2025-09-29</subfield>
    <subfield code="y">BK</subfield>
  </datafield>
  <datafield tag="952" ind1=" " ind2=" ">
    <subfield code="0">0</subfield>
    <subfield code="1">0</subfield>
    <subfield code="4">0</subfield>
    <subfield code="7">0</subfield>
    <subfield code="a">MU002</subfield>
    <subfield code="b">MU002</subfield>
    <subfield code="d">2017-07-01</subfield>
    <subfield code="l">0</subfield>
    <subfield code="o">345.04 MAS</subfield>
    <subfield code="p">001901</subfield>
    <subfield code="r">2025-09-29 07:34:09</subfield>
    <subfield code="t">11</subfield>
    <subfield code="w">2025-09-29</subfield>
    <subfield code="y">BK</subfield>
  </datafield>
  <datafield tag="952" ind1=" " ind2=" ">
    <subfield code="0">0</subfield>
    <subfield code="1">0</subfield>
    <subfield code="4">0</subfield>
    <subfield code="7">0</subfield>
    <subfield code="a">MU002</subfield>
    <subfield code="b">MU002</subfield>
    <subfield code="d">2017-07-01</subfield>
    <subfield code="l">0</subfield>
    <subfield code="o">345.04 MAS</subfield>
    <subfield code="p">001902</subfield>
    <subfield code="r">2025-09-29 07:34:09</subfield>
    <subfield code="t">12</subfield>
    <subfield code="w">2025-09-29</subfield>
    <subfield code="y">BK</subfield>
  </datafield>
  <datafield tag="952" ind1=" " ind2=" ">
    <subfield code="0">0</subfield>
    <subfield code="1">0</subfield>
    <subfield code="4">0</subfield>
    <subfield code="7">0</subfield>
    <subfield code="a">MU002</subfield>
    <subfield code="b">MU002</subfield>
    <subfield code="d">2017-07-01</subfield>
    <subfield code="l">0</subfield>
    <subfield code="o">345.04 MAS</subfield>
    <subfield code="p">001903</subfield>
    <subfield code="r">2025-09-29 07:34:09</subfield>
    <subfield code="t">13</subfield>
    <subfield code="w">2025-09-29</subfield>
    <subfield code="y">BK</subfield>
  </datafield>
  <datafield tag="952" ind1=" " ind2=" ">
    <subfield code="0">0</subfield>
    <subfield code="1">0</subfield>
    <subfield code="4">0</subfield>
    <subfield code="7">0</subfield>
    <subfield code="a">MU002</subfield>
    <subfield code="b">MU002</subfield>
    <subfield code="d">2017-07-01</subfield>
    <subfield code="l">0</subfield>
    <subfield code="o">345.04 MAS</subfield>
    <subfield code="p">001904</subfield>
    <subfield code="r">2025-09-29 07:34:09</subfield>
    <subfield code="t">14</subfield>
    <subfield code="w">2025-09-29</subfield>
    <subfield code="y">BK</subfield>
  </datafield>
  <datafield tag="952" ind1=" " ind2=" ">
    <subfield code="0">0</subfield>
    <subfield code="1">0</subfield>
    <subfield code="4">0</subfield>
    <subfield code="7">0</subfield>
    <subfield code="a">MU002</subfield>
    <subfield code="b">MU002</subfield>
    <subfield code="d">2017-07-01</subfield>
    <subfield code="l">0</subfield>
    <subfield code="o">345.04 MAS</subfield>
    <subfield code="p">001905</subfield>
    <subfield code="r">2025-09-29 07:34:09</subfield>
    <subfield code="t">15</subfield>
    <subfield code="w">2025-09-29</subfield>
    <subfield code="y">BK</subfield>
  </datafield>
  <datafield tag="952" ind1=" " ind2=" ">
    <subfield code="0">0</subfield>
    <subfield code="1">0</subfield>
    <subfield code="4">0</subfield>
    <subfield code="7">0</subfield>
    <subfield code="a">MU002</subfield>
    <subfield code="b">MU002</subfield>
    <subfield code="d">2017-07-01</subfield>
    <subfield code="l">0</subfield>
    <subfield code="o">345.04 MAS</subfield>
    <subfield code="p">001906</subfield>
    <subfield code="r">2025-09-29 07:34:09</subfield>
    <subfield code="t">16</subfield>
    <subfield code="w">2025-09-29</subfield>
    <subfield code="y">BK</subfield>
  </datafield>
  <datafield tag="952" ind1=" " ind2=" ">
    <subfield code="0">0</subfield>
    <subfield code="1">0</subfield>
    <subfield code="4">0</subfield>
    <subfield code="7">0</subfield>
    <subfield code="a">MU002</subfield>
    <subfield code="b">MU002</subfield>
    <subfield code="d">2017-07-01</subfield>
    <subfield code="l">0</subfield>
    <subfield code="o">345.04 MAS</subfield>
    <subfield code="p">001907</subfield>
    <subfield code="r">2025-09-29 07:34:09</subfield>
    <subfield code="t">17</subfield>
    <subfield code="w">2025-09-29</subfield>
    <subfield code="y">BK</subfield>
  </datafield>
  <datafield tag="952" ind1=" " ind2=" ">
    <subfield code="0">0</subfield>
    <subfield code="1">0</subfield>
    <subfield code="4">0</subfield>
    <subfield code="7">0</subfield>
    <subfield code="a">MU002</subfield>
    <subfield code="b">MU002</subfield>
    <subfield code="d">2017-07-01</subfield>
    <subfield code="l">0</subfield>
    <subfield code="o">345.04 MAS</subfield>
    <subfield code="p">001908</subfield>
    <subfield code="r">2025-09-29 07:34:09</subfield>
    <subfield code="t">18</subfield>
    <subfield code="w">2025-09-29</subfield>
    <subfield code="y">BK</subfield>
  </datafield>
  <datafield tag="952" ind1=" " ind2=" ">
    <subfield code="0">0</subfield>
    <subfield code="1">0</subfield>
    <subfield code="4">0</subfield>
    <subfield code="7">0</subfield>
    <subfield code="a">MU002</subfield>
    <subfield code="b">MU002</subfield>
    <subfield code="d">2017-07-01</subfield>
    <subfield code="l">0</subfield>
    <subfield code="o">345.04 MAS</subfield>
    <subfield code="p">001909</subfield>
    <subfield code="r">2025-09-29 07:34:09</subfield>
    <subfield code="t">19</subfield>
    <subfield code="w">2025-09-29</subfield>
    <subfield code="y">BK</subfield>
  </datafield>
  <datafield tag="952" ind1=" " ind2=" ">
    <subfield code="0">0</subfield>
    <subfield code="1">0</subfield>
    <subfield code="4">0</subfield>
    <subfield code="7">0</subfield>
    <subfield code="a">MU002</subfield>
    <subfield code="b">MU002</subfield>
    <subfield code="d">2017-07-01</subfield>
    <subfield code="l">0</subfield>
    <subfield code="o">345.04 MAS</subfield>
    <subfield code="p">001910</subfield>
    <subfield code="r">2025-09-29 07:34:09</subfield>
    <subfield code="t">20</subfield>
    <subfield code="w">2025-09-29</subfield>
    <subfield code="y">BK</subfield>
  </datafield>
  <datafield tag="952" ind1=" " ind2=" ">
    <subfield code="0">0</subfield>
    <subfield code="1">0</subfield>
    <subfield code="4">0</subfield>
    <subfield code="7">0</subfield>
    <subfield code="a">MU002</subfield>
    <subfield code="b">MU002</subfield>
    <subfield code="d">2017-07-01</subfield>
    <subfield code="l">0</subfield>
    <subfield code="o">345.04 MAS</subfield>
    <subfield code="p">001911</subfield>
    <subfield code="r">2025-09-29 07:34:09</subfield>
    <subfield code="t">21</subfield>
    <subfield code="w">2025-09-29</subfield>
    <subfield code="y">BK</subfield>
  </datafield>
  <datafield tag="952" ind1=" " ind2=" ">
    <subfield code="0">0</subfield>
    <subfield code="1">0</subfield>
    <subfield code="4">0</subfield>
    <subfield code="7">0</subfield>
    <subfield code="a">MU002</subfield>
    <subfield code="b">MU002</subfield>
    <subfield code="d">2017-07-01</subfield>
    <subfield code="l">0</subfield>
    <subfield code="o">345.04 MAS</subfield>
    <subfield code="p">001912</subfield>
    <subfield code="r">2025-09-29 07:34:09</subfield>
    <subfield code="t">22</subfield>
    <subfield code="w">2025-09-29</subfield>
    <subfield code="y">BK</subfield>
  </datafield>
  <datafield tag="952" ind1=" " ind2=" ">
    <subfield code="0">0</subfield>
    <subfield code="1">0</subfield>
    <subfield code="4">0</subfield>
    <subfield code="7">0</subfield>
    <subfield code="a">MU002</subfield>
    <subfield code="b">MU002</subfield>
    <subfield code="d">2017-07-01</subfield>
    <subfield code="l">0</subfield>
    <subfield code="o">345.04 MAS</subfield>
    <subfield code="p">001913</subfield>
    <subfield code="r">2025-09-29 07:34:09</subfield>
    <subfield code="t">23</subfield>
    <subfield code="w">2025-09-29</subfield>
    <subfield code="y">BK</subfield>
  </datafield>
  <datafield tag="952" ind1=" " ind2=" ">
    <subfield code="0">0</subfield>
    <subfield code="1">0</subfield>
    <subfield code="4">0</subfield>
    <subfield code="7">0</subfield>
    <subfield code="a">MU002</subfield>
    <subfield code="b">MU002</subfield>
    <subfield code="d">2017-07-01</subfield>
    <subfield code="l">0</subfield>
    <subfield code="o">345.04 MAS</subfield>
    <subfield code="p">001914</subfield>
    <subfield code="r">2025-09-29 07:34:09</subfield>
    <subfield code="t">24</subfield>
    <subfield code="w">2025-09-29</subfield>
    <subfield code="y">BK</subfield>
  </datafield>
  <datafield tag="952" ind1=" " ind2=" ">
    <subfield code="0">0</subfield>
    <subfield code="1">0</subfield>
    <subfield code="4">0</subfield>
    <subfield code="7">0</subfield>
    <subfield code="a">MU002</subfield>
    <subfield code="b">MU002</subfield>
    <subfield code="d">2017-07-01</subfield>
    <subfield code="l">0</subfield>
    <subfield code="o">345.04 MAS</subfield>
    <subfield code="p">001915</subfield>
    <subfield code="r">2025-09-29 07:34:09</subfield>
    <subfield code="t">25</subfield>
    <subfield code="w">2025-09-29</subfield>
    <subfield code="y">BK</subfield>
  </datafield>
  <datafield tag="952" ind1=" " ind2=" ">
    <subfield code="0">0</subfield>
    <subfield code="1">0</subfield>
    <subfield code="4">0</subfield>
    <subfield code="7">0</subfield>
    <subfield code="a">MU002</subfield>
    <subfield code="b">MU002</subfield>
    <subfield code="d">2017-07-01</subfield>
    <subfield code="l">0</subfield>
    <subfield code="o">345.04 MAS</subfield>
    <subfield code="p">001916</subfield>
    <subfield code="r">2025-09-29 07:34:09</subfield>
    <subfield code="t">26</subfield>
    <subfield code="w">2025-09-29</subfield>
    <subfield code="y">BK</subfield>
  </datafield>
</record>
